| 000 | 00000nam##2200000za#4500 |
| 001 | 9.639346 |
| 003 | CaOODSP |
| 005 | 20220328113315 |
| 007 | cr ||||||||||| |
| 008 | 150407|2001||||xxc|||||o f|0| 0 fre|d |
| 040 | |aCaOODSP|bfre |
| 043 | |an-cn--- |
| 086 | 1 |aC2-589/2001F-PDF |
| 110 | 1 |aCanada. |bIndustrie Canada. |
| 245 | 10|aAméliorer la réglementation des aliments génétiquement modifiés et des autres aliments nouveaux au Canada : |h[ressource électronique]|brapport provisoire adressé au Comité de coordination ministérielle de la biotechnologie, gouvernement du Canada / |c[par le] Comité consultatif canadien de la biotechnologie. |
| 260 | |aOttawa - Ontario : |bIndustrie Canada |cAoût 2001. |
| 300 | |a79p.|bglossaire, références, tableaux |
| 500 | |aLe n° de catalogue (C2-589/2001) et l'ISBN (0-662-65989-9) de l'édition imprimée bilingue ont été incorrectement copiés dans l'édition électronique. |
| 504 | |aBibliographie. |
| 590 | |a11-28-Supp|b2011-11-17 |
| 691 | 07|aGénie génétique|2gcpds |
| 691 | 07|aIndustrie agro-alimentaire|2gcpds |
| 691 | 07|aRéglementation|2gcpds |
| 775 | 08|tImproving the regulation of genetically modified foods and other novel foods in Canada : |w(CaOODSP)9.695200 |
| 776 | 0#|tImproving the regulation of genetically modified foods and other novel foods in Canada : |w(CaOODSP)9.663101 |
| 776 | 0#|tAméliorer la réglementation des aliments génétiquement modifiés et des autres aliments nouveaux au Canada : |w(CaOODSP)9.663102 |
| 856 | 40|ahttp://publications.gc.ca|qPDF|s247 Ko|uhttps://publications.gc.ca/collections/Collection/C2-589-2001F.pdf |